01178nab a22002177a 4500003000400000005001700004008004100021040000700062100002900069245014400098260007300242300001500315500003500330505027600365505008100641650001800722650001800740650001900758650002900777773015400806OSt20260202140008.0190429b xxu||||| |||| 00| 0 spa d cPJ aDurante, María Sofía10aParticipación de la víctima en el juicio abreviado : b¿herramienta de justicia o instrumento de venganza? /cMaría Sofía Durante. cCiudad Autónoma de Buenos Aires :aThomson Reuters La Ley, b2023. ap. 201-205 aCita Online: AR/DOC/2397/2023. aSumario: I. Introducción.— II. Disidencia en el fallo: análisis crítico de la oposición de la víctima al juicio abreviado.— III. Voto mayoritario por la positiva: el derecho de la víctima a oponerse a un acuerdo de juicio abreviado.— IV. Reflexiones.  tSi te interesa el texto completo, solicitalo a koha@justierradelfuego.gov.ar 0aDERECHO PENAL 0aPROCESO PENAL 0aDEBIDO PROCESO 0aDERECHOS DE LA VÍCTIMA0 02658tRevista de derecho penal y criminología. Nº 10 - Noviembre 2023dCiudad Autónoma de Buenos Aires : Thomson Reuters La Ley, 2017-x00347914